01452nam a2200385 i 450000500170000000700030001700800410002002000180006104000350007904100120011408400110012610000350013724501180017225000220029026400370031230000410034933600270039033700330041733800280045049000190047852100610049753400290055854500640058760000820065165000490073365000490078265000380083165000260086965000250089565000300092070000420095070000440099294200150103699900150105120220317002018.0ta201106t2018 ck a br 00| jdspa d a9789585984363 aCO-BoRNBPbspacCO-BoRNBPerda1 aspahit aC RIS11 aRisari, Guía d1971-eautora14aLos tres cerditos de Indiactexto Guía Risari ; ilustraciones Valeria Valenza ; traducción Camila Castañeda aPrimera edición 4aBogotábEnlace Editorialc2018 a[30] páginasbilustracionesc23 cm 2rdacontentatextobtxt 2rdamediaasin mediaciónbn 2rdacarrieravolumenbnc0 aEl tren dorado aRecomendado para un público infantil mayor de 6 años tI tre porcellini d'India aIncluye datos biográficos de la autora al final del texto14aJacobs, Josephd1854-1916tLos tres cerditosxAdaptaciones literarias9157022172LEMBaCuentos infantiles italianosySiglo XX172LEMBaLiteratura infantil italianaySiglo XX172LEMBaAutores italianosySiglo XX172LEMBaCerdosvCuentos172LEMBaLobosvCuentos172LEMBaValentíavCuentos aValenza, Valeriaeilustradora91570261 aCastañeda, Camilaetraductora9157027 2loccBKLIT c8888d8888